Introducción filosófica al conocimiento social: seguida de una fenomenología del derecho

Αποθηκεύτηκε σε:
Λεπτομέρειες βιβλιογραφικής εγγραφής
Κύριος συγγραφέας: Madile, Juan Alberto (autor)
Μορφή: Βιβλίο
Γλώσσα:Ισπανικά
Έκδοση: Buenos Aires Abeledo-Perrot 1987
Θέματα:
Ετικέτες: Προσθήκη ετικέτας
Δεν υπάρχουν, Καταχωρήστε ετικέτα πρώτοι!

MARC

LEADER 00000nam a2200000 a 4500
001 UCV2697
003 CL-VaPUC
008 921023e19870000AG |||||||||||||||||spa|d
082 0 4 |a 340.1  |b MAD  |2 21 
100 |a Madile, Juan Alberto  |e autor  |9 296970 
245 1 0 |a Introducción filosófica al conocimiento social: seguida de una fenomenología del derecho 
300 |a 198 p 
942 |c BK 
945 |d 19921023 00:00:00 
260 |a Buenos Aires  |b Abeledo-Perrot  |c 1987 
650 0 |a Filosofía del derecho   |9 255050 
583 |a last modification  |c 19921023 00:00:00  |k Rodrigo Vera 
999 |c 210199  |d 210197 
952 |0 0  |1 0  |4 0  |6 340_100000000000000_MAD_1987  |7 0  |8 DER_TF  |9 186274  |a BIBDER  |b BIBDER  |d 2019-11-14  |i 2537427  |o 340.1 MAD 1987  |p 2537427  |r 2023-01-25  |w 2019-11-14  |x Ubicación 4to Piso  |y BK  |z Estos recursos deben solicitarse con anticipación  |k DER